• 首页
  • 本馆介绍
  • 公告通知
  • 最新文献
  • 馆藏检索
  • 电子资源
  • 读者导购
  • 参考咨询
  • 我的图书馆
  • 登录
  • 详细信息显示
  • 放入我的书架
  • 预约/预借图书
  • 作者相关作品
  • 分类相关作品
  • 丛书相关作品
  • 出版社相关作品

书目信息

  • 表格格式
  • 工作单格式
  • 卡片格式
题名:
资本艺术 上
    
 
作者: 子安 编著
分册:  
出版信息: 长春   吉林摄影出版社  2005.07
页数: 116页
开本: 21cm
丛书名: 李嘉诚财智人生
单 册:
中图分类: K82 , F279.276.58
科图分类:
主题词: 企业管理--经验--香港特别行政区 , 企业管理
电子资源:
ISBN: 7-80606-676-4
000 00868nam0 2200313 450
001 003113162
005 20071010092052.46
010    @a7-80606-676-4@dCNY19.00
100    @a20060323d2005 em y0chiy0110 ea
101 0  @achi
102    @aCN@b220000
105    @ay z 000yd
200 1  @a资本艺术 上@AZi Ben Yi Shu Shang@f子安编著@FZi An Bian Zhu
205    @a2版
210    @a长春@c吉林摄影出版社@d2005.07
215    @a116页@d21cm
225 2  @a李嘉诚财智人生
410  0 @12001 @a李嘉诚财智人生
517 1  @a资本艺术@AZi Ben Yi Shu
600  0 @a李嘉诚@f(1928~)@x生平事迹
600  0 @a李嘉诚@f(1928~)
606 0  @a企业管理@x经验@y香港特别行政区
606 0  @a企业管理
690    @aK82@v4
690    @aF279.276.58@v4
701  0 @a子安@AZi An@c(编辑)@4编著
801  0 @aCN@bNLC@c20071010
905    @aBZT@dK82@e76-1
906    @dCNY19.00@n0@r1
    
    资本艺术 上/子安编著.-2版.-长春:吉林摄影出版社,2005.07
    116页;21cm.-(李嘉诚财智人生)
    
    
    ISBN 7-80606-676-4:CNY19.00
    
●
相关链接 在五车中查询图书 在当当中查询图书 在豆瓣中查询图书


正题名:资本艺术 上     索取号:K82/76-1         预约/预借

序号 登录号 条形码 馆藏地/架位号 状态 备注
1 589710   230158322   中心书库南/019架B面6层3列/ [索取号:K82/76-1] 在馆    
2 589711   230158321   中心书库南/019架B面6层3列/ [索取号:K82/76-1] 在馆    
3 589712   230158320   中心书库南/019架B面6层3列/ [索取号:K82/76-1] 在馆    
4 589713   230158319   中心书库南/019架B面6层3列/ [索取号:K82/76-1] 在馆    
5 589714   230158318   中心书库南/019架B面6层3列/ [索取号:K82/76-1] 在馆    
山东省滨州职业学院图书馆 欢迎您!
大连网信软件有限公司© 版权所有